|
|
|
|
| LEADER |
02795nam a22005655i 4500 |
| 001 |
978-3-319-12229-8 |
| 003 |
DE-He213 |
| 005 |
20151030071020.0 |
| 007 |
cr nn 008mamaa |
| 008 |
141106s2014 gw | s |||| 0|eng d |
| 020 |
|
|
|a 9783319122298
|9 978-3-319-12229-8
|
| 024 |
7 |
|
|a 10.1007/978-3-319-12229-8
|2 doi
|
| 040 |
|
|
|d GrThAP
|
| 050 |
|
4 |
|a QA76.9.A25
|
| 072 |
|
7 |
|a URY
|2 bicssc
|
| 072 |
|
7 |
|a COM053000
|2 bisacsh
|
| 082 |
0 |
4 |
|a 005.82
|2 23
|
| 100 |
1 |
|
|a Yi, Xun.
|e author.
|
| 245 |
1 |
0 |
|a Homomorphic Encryption and Applications
|h [electronic resource] /
|c by Xun Yi, Russell Paulet, Elisa Bertino.
|
| 264 |
|
1 |
|a Cham :
|b Springer International Publishing :
|b Imprint: Springer,
|c 2014.
|
| 300 |
|
|
|a XII, 126 p. 23 illus., 14 illus. in color.
|b online resource.
|
| 336 |
|
|
|a text
|b txt
|2 rdacontent
|
| 337 |
|
|
|a computer
|b c
|2 rdamedia
|
| 338 |
|
|
|a online resource
|b cr
|2 rdacarrier
|
| 347 |
|
|
|a text file
|b PDF
|2 rda
|
| 490 |
1 |
|
|a SpringerBriefs in Computer Science,
|x 2191-5768
|
| 505 |
0 |
|
|a Introduction -- Homomorphic Encryption -- Fully Homomorphic Encryption -- Remote End-to-End Voting Scheme -- Nearest Neighbor Queries with Location Privacy -- Private Searching on Streaming Data.
|
| 520 |
|
|
|a This book introduces the fundamental concepts of homomorphic encryption. From these foundations, applications are developed in the fields of private information retrieval, private searching on streaming data, privacy-preserving data mining, electronic voting and cloud computing. The content is presented in an instructional and practical style, with concrete examples to enhance the reader's understanding. This volume achieves a balance between the theoretical and the practical components of modern information security. Readers will learn key principles of homomorphic encryption as well as their application in solving real world problems.
|
| 650 |
|
0 |
|a Computer science.
|
| 650 |
|
0 |
|a Data encryption (Computer science).
|
| 650 |
|
0 |
|a Data mining.
|
| 650 |
|
0 |
|a Computer science
|x Mathematics.
|
| 650 |
|
0 |
|a Computer mathematics.
|
| 650 |
|
0 |
|a System safety.
|
| 650 |
|
0 |
|a Physics.
|
| 650 |
1 |
4 |
|a Computer Science.
|
| 650 |
2 |
4 |
|a Data Encryption.
|
| 650 |
2 |
4 |
|a Complex Networks.
|
| 650 |
2 |
4 |
|a Mathematical Applications in Computer Science.
|
| 650 |
2 |
4 |
|a Data Mining and Knowledge Discovery.
|
| 650 |
2 |
4 |
|a Security Science and Technology.
|
| 700 |
1 |
|
|a Paulet, Russell.
|e author.
|
| 700 |
1 |
|
|a Bertino, Elisa.
|e author.
|
| 710 |
2 |
|
|a SpringerLink (Online service)
|
| 773 |
0 |
|
|t Springer eBooks
|
| 776 |
0 |
8 |
|i Printed edition:
|z 9783319122281
|
| 830 |
|
0 |
|a SpringerBriefs in Computer Science,
|x 2191-5768
|
| 856 |
4 |
0 |
|u http://dx.doi.org/10.1007/978-3-319-12229-8
|z Full Text via HEAL-Link
|
| 912 |
|
|
|a ZDB-2-SCS
|
| 950 |
|
|
|a Computer Science (Springer-11645)
|